|
|
|
|
| LEADER |
00000nbm0a2200000 4500 |
| 001 |
91847 |
| 005 |
20231031104335.0 |
| 035 |
|
|
|a (RuTPU)RU\TPU\book\98437
|
| 090 |
|
|
|a 91847
|
| 100 |
|
|
|a 20060302j20050228k y0rusy50 ca
|
| 101 |
0 |
|
|a rus
|
| 102 |
|
|
|a RU
|
| 105 |
|
|
|a a m 001zy
|
| 200 |
1 |
|
|a Стохастически-детерминистическое моделирование фильтрации многокомпонентной жидкости сопряженной с неравновесным тепло- массообменом
|e диссертация на соискание ученой степени кандидата физико-математических наук
|e спец. 01.04.14
|f А. Г. Кеслер
|g Северский государственный технологический институт; науч. рук. М. Д. Носков
|
| 210 |
|
|
|a Северск
|c [Б. и.]
|d 2005
|
| 215 |
|
|
|a 154 л.
|c ил.
|
| 229 |
|
|
|a Защищена 28.02.2006 г.
|
| 320 |
|
|
|a Библиогр.: с. 137-153 (175 назв.).
|
| 371 |
0 |
|
|a For_staff_use
|
| 610 |
1 |
|
|a теплофизика
|
| 610 |
1 |
|
|a жидкие радиоактивные отходы
|
| 610 |
1 |
|
|a подземное захоронение
|
| 610 |
1 |
|
|a пористые среды
|
| 610 |
1 |
|
|a пласты-коллекторы
|
| 610 |
1 |
|
|a неизотермическая фильтрация
|
| 610 |
1 |
|
|a параметры
|
| 610 |
1 |
|
|a физико-химические процессы
|
| 610 |
1 |
|
|a конвективный теплообмен
|
| 610 |
1 |
|
|a массоперенос
|
| 610 |
1 |
|
|a теплоперенос
|
| 610 |
1 |
|
|a гидродинамическая дисперсия
|
| 610 |
1 |
|
|a радиоактивный распад
|
| 610 |
1 |
|
|a радионуклиды
|
| 610 |
1 |
|
|a сорбция
|
| 610 |
1 |
|
|a гидродинамическая неустойчивость
|
| 610 |
1 |
|
|a неустойчивость Сэффмана-Тейлора
|
| 610 |
1 |
|
|a тепловое поле
|
| 610 |
1 |
|
|a радиационное поле
|
| 610 |
1 |
|
|a динамика
|
| 610 |
1 |
|
|a диссертации
|
| 675 |
|
|
|a 536.24(04)
|v 3
|
| 675 |
|
|
|a 628.39(04)
|v 3
|
| 686 |
|
|
|a 01.04.14
|2 oksvnk
|
| 700 |
|
1 |
|a Кеслер
|b А. Г.
|g Аркадий Григорьевич
|
| 702 |
|
1 |
|a Носков
|b М. Д.
|g Михаил Дмитриевич
|4 727
|
| 712 |
0 |
2 |
|a Северский государственный технологический институт
|2 stltpush
|3 (RuTPU)RU\TPU\col\5883
|
| 801 |
|
1 |
|a RU
|b 63413507
|c 20060302
|g PSBO
|
| 801 |
|
2 |
|a RU
|b 63413507
|c 20070504
|g PSBO
|
| 942 |
|
|
|c BK
|